000 00712nam a2200217 i 4500
001 189970
003 ES-MaACL
005 20250808011948.0
008 200227s1968 sp |||| | spa d
100 1 _aMarchetti, Albino.
_9169780
245 1 0 _aEspiritualidad y estados de vida /
_cAlbino Marchetti ; [traducción de Daniel de Pablo Maroto].
260 _aMadrid :
_bEd. de Espiritualidad,
_c[1968]
300 _a352 p. ;
_c18 cm.
490 1 _aLogos ;
_v1
650 4 _aClero-
_xVida religiosa.
_916961
650 7 _aVida monástica y religiosa
_2embne
_9165073
700 1 _aPablo Maroto, Daniel de.
_988092
830 0 _aLogos ;
_v1
_9183254
852 _aES-MaACL
_jP-1403-1
999 _c189970
_d189970